<?xml version="1.0" encoding="UTF-8"?>
<record
    xmlns:xsi="http://www.w3.org/2001/XMLSchema-instance"
    xsi:schemaLocation="http://www.loc.gov/MARC21/slim http://www.loc.gov/standards/marcxml/schema/MARC21slim.xsd"
    xmlns="http://www.loc.gov/MARC21/slim">

  <leader>01402nam a2200241 a 4500</leader>
  <controlfield tag="001">000042791</controlfield>
  <controlfield tag="005">20201002040411.0</controlfield>
  <controlfield tag="008">140210s1990    dr ad         001 0 spa d</controlfield>
  <datafield tag="040" ind1=" " ind2=" ">
    <subfield code="a">DO-SdBNP</subfield>
    <subfield code="b">spa</subfield>
    <subfield code="c">BNPHU</subfield>
  </datafield>
  <datafield tag="082" ind1=" " ind2=" ">
    <subfield code="a">338.17361</subfield>
    <subfield code="b">P467i</subfield>
  </datafield>
  <datafield tag="245" ind1="0" ind2="0">
    <subfield code="a">Perspectivas de la industria azucarera en R. D.</subfield>
  </datafield>
  <datafield tag="260" ind1=" " ind2=" ">
    <subfield code="a">Santo Domingo :</subfield>
    <subfield code="b">Centro de Informaci&#xF3;n y Comunicaci&#xF3;n (CICOM),</subfield>
    <subfield code="c">1990.</subfield>
  </datafield>
  <datafield tag="300" ind1=" " ind2=" ">
    <subfield code="a">136 p ;</subfield>
    <subfield code="c">23 cm.</subfield>
  </datafield>
  <datafield tag="490" ind1="1" ind2=" ">
    <subfield code="a">Consenso agrario</subfield>
    <subfield code="v">3</subfield>
  </datafield>
  <datafield tag="505" ind1="0" ind2=" ">
    <subfield code="g">Presentaci&#xF3;n --</subfield>
    <subfield code="t">discurso de apertura /</subfield>
    <subfield code="r">Carlos Morales Troncoso --</subfield>
    <subfield code="t">Historia, cultivo, costos y mecanizaci&#xF3;n de la ca&#xF1;a de az&#xFA;car en la Rep&#xFA;blica Dominicana /</subfield>
    <subfield code="r">Dr Nicol&#xE1;s Casanova --</subfield>
    <subfield code="t">Realidad y perspectivas de la comercializaci&#xF3;n del az&#xFA;car dominicano /</subfield>
    <subfield code="r">F.J. Vicini --</subfield>
    <subfield code="t">La diversificaci&#xF3;n de la industria azucarera: mitos y realidades /</subfield>
    <subfield code="r">Ing. Eduardo Mart&#xED;nez Lima --</subfield>
    <subfield code="t">Problemas sociales y pol&#xED;ticos creados por la industria azucarera dominicana /</subfield>
    <subfield code="r">Lic. Bernardo Vega.</subfield>
  </datafield>
  <datafield tag="590" ind1=" " ind2=" ">
    <subfield code="a">Inventariado,2018/DG</subfield>
  </datafield>
  <datafield tag="650" ind1=" " ind2="4">
    <subfield code="a">Industria azucarera</subfield>
    <subfield code="z">Rep&#xFA;blica Dominicana</subfield>
    <subfield code="x">Congresos, conferencias, etc.</subfield>
    <subfield code="9">7356</subfield>
  </datafield>
  <datafield tag="650" ind1=" " ind2="4">
    <subfield code="a">Az&#xFA;car</subfield>
    <subfield code="x">Comercio</subfield>
    <subfield code="x">Congresos, conferencias, etc.</subfield>
    <subfield code="9">14536</subfield>
  </datafield>
  <datafield tag="650" ind1=" " ind2="4">
    <subfield code="a">Ca&#xF1;a de azucar</subfield>
    <subfield code="z">Rep&#xFA;blica Dominicana</subfield>
    <subfield code="x">Congresos, conferencias, etc.</subfield>
    <subfield code="9">14537</subfield>
  </datafield>
  <datafield tag="651" ind1=" " ind2="4">
    <subfield code="a">Rep&#xFA;blica Dominicana</subfield>
    <subfield code="x">Pol&#xED;tica Agraria</subfield>
    <subfield code="9">70133</subfield>
  </datafield>
  <datafield tag="830" ind1=" " ind2="0">
    <subfield code="a">Consenso agrario</subfield>
    <subfield code="n">3</subfield>
    <subfield code="9">70134</subfield>
  </datafield>
  <datafield tag="910" ind1=" " ind2=" ">
    <subfield code="a">Validado. Control de calidad EMS</subfield>
  </datafield>
  <datafield tag="952" ind1=" " ind2=" ">
    <subfield code="0">0</subfield>
    <subfield code="1">0</subfield>
    <subfield code="7">1</subfield>
    <subfield code="8">PD</subfield>
    <subfield code="a">PD</subfield>
    <subfield code="b">PD</subfield>
    <subfield code="c">HD</subfield>
    <subfield code="d">2014-02-10</subfield>
    <subfield code="i">LF1</subfield>
    <subfield code="l">0</subfield>
    <subfield code="o">338.17361 P467i</subfield>
    <subfield code="p">42791-10</subfield>
    <subfield code="r">2020-06-25</subfield>
    <subfield code="w">2020-06-25</subfield>
    <subfield code="y">LFPD</subfield>
    <subfield code="Z">No se presta</subfield>
  </datafield>
  <datafield tag="999" ind1=" " ind2=" ">
    <subfield code="c">42280</subfield>
    <subfield code="d">42280</subfield>
  </datafield>
</record>
